[Event "Nizhnij Tagil Stone Flower A"]
[Site "Nizhnij Tagil"]
[Date "2011.12.17"]
[Round "8"]
[White "Kazakov, Konstantin"]
[Black "Kaliberda, Vladimir"]
[Result "0-1"]
[WhiteElo "2298"]
[BlackElo "2288"]
[PlyCount "80"]
[EventDate "2011.12.10"]
[EventType "tourn"]
[EventRounds "9"]
[EventCountry "RUS"]
[SourceTitle "EXT 2022"]
[Source "ChessBase"]
[SourceDate "2021.10.06"]
[SourceVersion "1"]
[SourceVersionDate "2021.10.06"]
[SourceQuality "1"]

1. e4 c5 2. Nf3 e6 3. b3 Nf6 4. e5 Nd5 5. c4 Ne7 6. Bb2 Nbc6 7. d4 cxd4 8. Nxd4 Qa5+ 9. Qd2 Qxd2+ 10. Nxd2 Nxd4 11. Bxd4 Nc6 12. Bb2 Nb4 13. Kd1 Be7 14. a3 Nc6 15. Ne4 0-0 16. Kc2 f6 17. exf6 gxf6 18. Rd1 Ne5 19. Be2 b6 20. Nd6 Rd8 21. f4 Nf7 22. Ne4 Kg7 23. Rd3 Nh8 24. Bf3 Rb8 25. Rhd1 b5 26. c5 b4 27. Bg4 bxa3 28. Ba1 Bb7 29. Nd6 Bc6 30. Bf3 Bxd6 31. Bxc6 Bxc5 32. Rxd7+ Nf7 33. g4 Rxd7 34. Rxd7 Bb6 35. f5 exf5 36. Bd5 Rc8+ 37. Bc4 Rc7 38. Rxc7 Bxc7 39. Bd4 Be5 40. Bxe5 fxe5 0-1

[Event "Ekaterinburg"]
[Site "Ekaterinburg"]
[Date "2010.07.16"]
[Round "2"]
[White "Chudinovskikh, Zinaida"]
[Black "Kaliberda, Vladimir"]
[Result "1/2-1/2"]
[WhiteElo "2073"]
[BlackElo "2285"]
[PlyCount "76"]
[EventDate "2010.07.15"]
[EventType "tourn"]
[EventRounds "11"]
[EventCountry "RUS"]
[EventCategory "1"]
[SourceTitle "EXT 2011"]
[Source "ChessBase"]
[SourceDate "2010.11.26"]
[SourceVersion "1"]
[SourceVersionDate "2010.11.26"]
[SourceQuality "1"]

1. Nf3 Nf6 2. c4 e6 3. d4 c5 4. d5 exd5 5. cxd5 b5 6. Qc2 Bb7 7. e4 Qe7 8. Nbd2 Bxd5 9. Bxb5 Bxe4 10. Nxe4 Qxe4+ 11. Qxe4+ Nxe4 12. 0-0 Nd6 13. Ba4 Be7 14. Re1 Nc8 15. Bf4 0-0 16. Rad1 Bf6 17. b3 Nb6 18. Bb5 Rc8 19. Rc1 g6 20. Bd6 c4 21. bxc4 Nc6 22. Ba6 Re8 23. Rcd1 Re6 24. c5 Na4 25. Bc4 Rxe1+ 26. Rxe1 Nc3 27. Rc1 Na4 28. Rd1 Kg7 29. Bf4 Nxc5 30. Be3 Na5 31. Bxf7 Kxf7 32. Bxc5 Ke8 33. Re1+ Kd8 34. Ne5 Kc7 35. Ng4 Bd8 36. Be3 d6 37. Bd2 Nc6 38. Bc3 Rb8 1/2-1/2

[Event "Zudov Memorial-A 6th"]
[Site "Nizhnij Tagil"]
[Date "2010.06.25"]
[Round "1"]
[White "Yuferev, Oleg"]
[Black "Kaliberda, Vladimir"]
[Result "1-0"]
[WhiteElo "2353"]
[BlackElo "2285"]
[PlyCount "55"]
[EventDate "2010.06.25"]
[EventType "tourn"]
[EventRounds "11"]
[EventCountry "RUS"]
[EventCategory "3"]
[SourceTitle "EXT 2011"]
[Source "ChessBase"]
[SourceDate "2010.11.26"]
[SourceVersion "1"]
[SourceVersionDate "2010.11.26"]
[SourceQuality "1"]

1. Nf3 Nf6 2. c4 c6 3. d4 d5 4. Qc2 e6 5. Nbd2 Nbd7 6. g3 b5 7. c5 e5 8. dxe5 Ng4 9. Nb3 Ngxe5 10. Nfd4 a5 11. a4 bxa4 12. Rxa4 Ba6 13. Bg2 Bc4 14. 0-0 Be7 15. Bf4 0-0 16. Rfa1 Bxb3 17. Nxb3 Ng6 18. Bd2 Bf6 19. Nxa5 Qc7 20. e4 Rab8 21. R1a2 d4 22. b4 Nde5 23. f4 Ng4 24. e5 Bxe5 25. fxe5 Qxe5 26. Qe4 Qh5 27. h3 Ne3 28. Qf3 1-0

[Event "Peterhof 08"]
[Site "Peterhof"]
[Date "2009.08.09"]
[Round "11"]
[White "Terekhov, Andrey"]
[Black "Kaliberda, Vladimir"]
[Result "1/2-1/2"]
[WhiteElo "2301"]
[BlackElo "2308"]
[PlyCount "25"]
[EventDate "2009.08.04"]
[EventType "tourn"]
[EventRounds "13"]
[EventCountry "RUS"]
[EventCategory "2"]
[SourceTitle "CBM 131 Extra"]
[Source "ChessBase"]
[SourceDate "2009.09.03"]
[SourceVersion "2"]
[SourceVersionDate "2009.09.16"]
[SourceQuality "1"]

1. d4 Nf6 2. c4 e6 3. Nc3 Bb4 4. e3 b6 5. Nge2 Ne4 6. Qc2 Bb7 7. f3 Bxc3+ 8. bxc3 Nf6 9. e4 d6 10. Ng3 Nbd7 11. Bd3 0-0 12. 0-0 Re8 13. Bg5 1/2-1/2

[Event "Peterhof 08"]
[Site "Peterhof"]
[Date "2009.08.08"]
[Round "9"]
[White "Lavretzkij, Roman"]
[Black "Kaliberda, Vladimir"]
[Result "1/2-1/2"]
[WhiteElo "2313"]
[BlackElo "2308"]
[PlyCount "30"]
[EventDate "2009.08.04"]
[EventType "tourn"]
[EventRounds "13"]
[EventCountry "RUS"]
[EventCategory "2"]
[SourceTitle "CBM 131 Extra"]
[Source "ChessBase"]
[SourceDate "2009.09.03"]
[SourceVersion "2"]
[SourceVersionDate "2009.09.16"]
[SourceQuality "1"]

1. d4 Nf6 2. c4 e6 3. Nc3 d5 4. Bg5 Be7 5. Nf3 Nbd7 6. cxd5 exd5 7. Qc2 c6 8. e3 0-0 9. Bd3 Re8 10. 0-0 Nf8 11. Rab1 Ne4 12. Bxe7 Qxe7 13. Bxe4 dxe4 14. Nd2 f5 15. Rfc1 Be6 1/2-1/2

[Event "Ekaterinburg 06"]
[Site "Ekaterinburg"]
[Date "2009.06.??"]
[Round "1"]
[White "Kaliberda, Vladimir"]
[Black "Kozlov, Oleg"]
[Result "1/2-1/2"]
[WhiteElo "2308"]
[BlackElo "2236"]
[PlyCount "28"]
[EventDate "2009.06.06"]
[EventType "tourn"]
[EventRounds "11"]
[EventCountry "RUS"]
[EventCategory "1"]
[SourceTitle "EXT 2022"]
[Source "ChessBase"]
[SourceDate "2021.10.06"]
[SourceVersion "1"]
[SourceVersionDate "2021.10.06"]
[SourceQuality "1"]

1. d4 d5 2. c4 c6 3. cxd5 cxd5 4. Nc3 Nf6 5. Bf4 Nc6 6. e3 a6 7. Bd3 Bg4 8. Nge2 e6 9. 0-0 Bd6 10. Qd2 Bxe2 11. Nxe2 Bxf4 12. Nxf4 Qa5 13. Qxa5 Nxa5 14. Rfc1 Nc6 1/2-1/2

[Event "Ekaterinburg 02"]
[Site "Ekaterinburg"]
[Date "2009.02.??"]
[Round "6"]
[White "Kaliberda, Vladimir"]
[Black "Fer, Vadim"]
[Result "1/2-1/2"]
[WhiteElo "2311"]
[BlackElo "2192"]
[PlyCount "31"]
[EventDate "2009.02.25"]
[EventType "tourn"]
[EventRounds "11"]
[EventCountry "RUS"]
[EventCategory "2"]
[SourceTitle "EXT 2022"]
[Source "ChessBase"]
[SourceDate "2021.10.06"]
[SourceVersion "1"]
[SourceVersionDate "2021.10.06"]
[SourceQuality "1"]

1. d4 Nf6 2. c4 e6 3. Nc3 d5 4. Bg5 Be7 5. e3 0-0 6. Nf3 Nbd7 7. cxd5 exd5 8. Bd3 c6 9. 0-0 Re8 10. Qc2 Nf8 11. Rab1 a5 12. a3 Ne4 13. Bxe7 Qxe7 14. Bxe4 dxe4 15. Nd2 f5 16. Rfc1 1/2-1/2

[Event "Ekaterinburg 02"]
[Site "Ekaterinburg"]
[Date "2009.02.??"]
[Round "2"]
[White "Kaliberda, Vladimir"]
[Black "Motyliov, Anatoly"]
[Result "1-0"]
[WhiteElo "2311"]
[BlackElo "2241"]
[PlyCount "36"]
[EventDate "2009.02.25"]
[EventType "tourn"]
[EventRounds "11"]
[EventCountry "RUS"]
[EventCategory "2"]
[SourceTitle "EXT 2022"]
[Source "ChessBase"]
[SourceDate "2021.10.06"]
[SourceVersion "1"]
[SourceVersionDate "2021.10.06"]
[SourceQuality "1"]

1. d4 Nf6 2. c4 c5 3. d5 e5 4. Nc3 d6 5. e4 g6 6. h3 Bg7 7. Bd3 0-0 8. g4 a6 9. a4 b6 10. Nge2 Ra7 11. Bg5 Nbd7 12. Qd2 Re8 13. f3 Nf8 14. h4 Bd7 15. h5 Qc7 16. Ng3 Rb7 17. Nf5 gxf5 18. gxf5 b5 1-0

[Event "Nizhnij Tagil op"]
[Site "Nizhnij Tagil"]
[Date "2008.12.11"]
[Round "7"]
[White "Ogloblin, Nikolay"]
[Black "Kaliberda, Vladimir"]
[Result "1/2-1/2"]
[WhiteElo "2417"]
[BlackElo "2323"]
[PlyCount "113"]
[EventDate "2008.12.06"]
[EventType "swiss"]
[EventRounds "11"]
[EventCountry "RUS"]
[SourceTitle "EXT 2010"]
[Source "ChessBase"]
[SourceDate "2010.11.25"]
[SourceVersion "1"]
[SourceVersionDate "2010.11.25"]
[SourceQuality "1"]

1. d4 Nf6 2. Nf3 b6 3. c4 Bb7 4. Bf4 e6 5. e3 Nh5 6. Bg3 Nxg3 7. hxg3 d6 8. Nc3 Nd7 9. Qc2 g6 10. Bd3 Bg7 11. Be4 c6 12. Qa4 d5 13. cxd5 exd5 14. Bd3 0-0 15. 0-0 a6 16. e4 c5 17. Nxd5 cxd4 18. b4 b5 19. Qb3 Nb6 20. Nf4 Rc8 21. Rad1 Re8 22. Rfe1 Na4 23. Rd2 Nc3 24. e5 Bxf3 25. gxf3 Bxe5 26. Ng2 Bg7 27. Bf1 Rxe1 28. Nxe1 Qd5 29. Qxd5 Nxd5 30. Nd3 Rc3 31. Re2 Bf8 32. Re8 Kg7 33. Ra8 Ra3 34. Ra7 Kf6 35. f4 Bd6 36. g4 Nxf4 37. Nxf4 Bxf4 38. Bxb5 d3 39. Rxa6+ Rxa6 40. Bxa6 d2 41. Be2 Bd6 42. b5 Bc7 43. a4 Ke5 44. Bd1 Kd4 45. Kf1 Kd3 46. f4 f6 47. Kf2 h6 48. f5 gxf5 49. gxf5 Ke4 50. Ke2 Ba5 51. b6 Bxb6 52. Kxd2 Kxf5 53. Bf3 Kf4 54. Ke2 f5 55. Bh5 Kg5 56. Bf3 h5 57. Kf1 1/2-1/2